000 01052mam a2200325 a 4500
001 2382081
003 OSt
005 20140310182116.0
008 990127s1999 nyu 001 0 eng
010 _a 99018702
020 _a9780688156282
035 _a(OCoLC)ocm40723767
040 _aDLC
_cDLC
_dOCL
_dC#P
_dOrLoB-B
050 0 0 _aD 421
_b.B25 1999
082 0 0 _aHS 909.820202
_b.B19 1999
100 1 _aBaldwin, Paul.
_913725
245 1 4 _aThe 365 most important events of the twentieth century /
_cPaul Baldwin.
246 3 _aThree hundred sixty-five most important events of the twentieth century
250 _a1st ed.
260 _aNew York :
_bW. Morrow,
_cc1999.
300 _axxii, 280 p. ;
_c23 cm.
500 _aIncludes index.
541 _j1
562 _e1
650 0 _aHistory, Modern
_y20th century
_vChronology.
_913726
650 0 _aTwentieth century
_vMiscellanea.
_913727
650 0 _aThree hundred sixty
_xfive most important events of the twentieth century.
_913728
900 _bTOC
942 _2lcc
_cHS
999 _c9466
_d9466